000 00587nam a2200181Ia 4500
008 090124s9999 xx 000 0 und d
082 _b18900
_a6206
100 _aपटवर्धन शशि
245 _a दोन डोळे हजार खिडक्या
250 _a1
260 _c1973
300 _a108
600 _aपटवर्धन शशि
630 _a दोन डोळे हजार खिडक्या
700 _aपटवर्धन शशि
730 _a दोन डोळे हजार खिडक्या
942 _cBOOK
999 _c132841
_d132841